| 000 | 00421nam a2200181Ia 4500 | ||
|---|---|---|---|
| 005 | 20240823020626.0 | ||
| 008 | 240823s9999||||xx |||||||||||||| ||und|| | ||
| 041 | _aENGLISH | ||
| 082 | _A294.5925 P5 | ||
| 100 | _aSwami Prabhupada | ||
| 245 | 4 | _aThe Matchless Gift | |
| 250 | _a1st | ||
| 260 |
_bBhaktivedanta Book _aMumbai |
||
| 500 | _aTRANSFERED | ||
| 650 |
_aPurana _bGeneral |
||
| 942 | _cBK | ||
| 999 |
_c175189 _d175189 |
||